000 00672nam a2200229 u 4500
005 20240228063622.0
008 170913s2004 r 000 0 eng d
020 _a9681907469
035 _aUPN01000220486
049 _aI
050 4 _aPZ26.3
_bU5.7
100 1 _aUngerer, Tomi,
_d1931-
_935325
245 1 0 _aRufus /
_c[il. y texto] Tomi Ungerer ; tr. Pablo Lizcano.
260 _aMéxico :
_bSantillana,
_c2004.
300 _a30 p. :
_bil. col.
440 0 _aAlfaguara Infantil
534 _pTítulo original :
_tRufus
650 0 _aAnimales
_vCuentos y leyendas
_9234
650 4 _aLiteratura infantil francesa
_913687
905 _aInfantil
999 _c192585
_d192585